La ciencia y la cultura también objeto de represión en Guatemala
محفوظ في:
| مؤلف مشترك: | |
|---|---|
| التنسيق: | نص |
| منشور في: |
Managua :
|
| الوسوم: |
إضافة وسم
لا توجد وسوم, كن أول من يضع وسما على هذه التسجيلة!
|
MARC
| LEADER | 00000 a a2200000 04500 | ||
|---|---|---|---|
| 001 | 14404 | ||
| 003 | |||
| 040 | |||
| 090 | |a 022700 | ||
| 110 | |a Comisión de Derechos Humanos de Guatemala | ||
| 245 | |a La ciencia y la cultura también objeto de represión en Guatemala | ||
| 260 | |a Managua : | ||
| 300 | |a 2 p. | ||
| 999 | |c 13830 |d 13830 | ||
